000 01048nac a22003730a 4500
001 PT47786
003 AR-LpoUNG
005 20210201005448.0
008 201001s2006||||ag |||||||||||||||||spa d
020 _a9507829261
_c$17
040 _aAR-LpoUNG
_bspa
_eaacr
041 _aspa
_aeng
044 _aag
082 0 _aR428 565v1
100 1 _aHerrera de Noble, Ernestina
_edir.
245 1 0 _aGran diccionario Oxford :
_bespañol-inglés : a
250 _a1ra. ed.
260 _aBuenos Aires :
_bArgentino,
_c2006.
300 _axlvii, 87 p. :
_bfot.
_a(14
_fVolúmenes)
_3Impreso
490 0 _aGran diccionario Oxford
650 4 _aDICCIONARIOS
650 4 _aGRAMATICA
650 4 _aLENGUA ESPAÑOLA
650 4 _aLENGUA INGLESA
650 4 _aMATERIAL DE REFERENCIA
650 4 _aPRONUNCIACION
650 4 _aTERMINOLOGIA
651 4 _aDOCUMENTOS TEORICOS O METODOLOGICOS
653 _aDICCIONARIOS BILINGÜES
653 _aDICCIONARIOS DE INGLES
700 1 _aKirschbaum, Ricardo
_eed.
905 _a47786
942 _cLSALA
999 _c49684
_d49684